International Construction Cost Commentary (Record no. 119177)

MARC details
000 -LEADER
fixed length control field 01163cas a22002295a 4500
001 - CONTROL NUMBER
control field L142869
008 - FIXED-LENGTH DATA ELEMENTS--GENERAL INFORMATION
fixed length control field 080311c2007 xxcfr ws ss 000 a0eng d
035 ## - SYSTEM CONTROL NUMBER
System control number (Sirsi) u142869
041 0# - LANGUAGE CODE
Language code of text/sound track or separate title eng
110 2# - MAIN ENTRY--CORPORATE NAME
Corporate name or jurisdiction name as entry element Rider Levett Bucknall
9 (RLIN) 5520
245 00 - TITLE STATEMENT
Title International Construction Cost Commentary
Medium [electronic publication]
260 3# - PUBLICATION, DISTRIBUTION, ETC.
Place of publication, distribution, etc. Calgary
Name of publisher, distributor, etc. RLB
Date of publication, distribution, etc. 2007-
362 0# - DATES OF PUBLICATION AND/OR SEQUENTIAL DESIGNATION
Dates of publication and/or sequential designation October 2007-
490 #0 - SERIES STATEMENT
Series statement Rider Levett Bucknall International Construction Cost Commentary
Volume/sequential designation October 2007-
520 ## - SUMMARY, ETC.
Summary, etc. Provides international building costs (offices, retail, hotels, carparking, industrial and residential) for key city markets in the Americas, Asia, EMEA and Oceania. Also provides a commentary of construction market conditions for each region and includes an International Tender (Bid) Price Index and a Tender (Bid) Price Relativity Matrix.
554 ## -
-- Twice a year.
650 24 - SUBJECT ADDED ENTRY--TOPICAL TERM
Topical term or geographic name entry element RIDER LEVETT BUCKNALL INTERNATIONAL CONSTRUCTION COST COMMENTARY
651 #4 - SUBJECT ADDED ENTRY--GEOGRAPHIC NAME
Geographic name International
690 ## - LOCAL SUBJECT ADDED ENTRY--TOPICAL TERM (OCLC, RLIN)
Topical term or geographic name as entry element BUILT ENVIRONMENT-BUILDING COSTS
856 40 - ELECTRONIC LOCATION AND ACCESS
Uniform Resource Identifier <a href="https://www.americas.rlb.com">https://www.americas.rlb.com</a>
Public note View the item free of charge (under cost reports) at www.americas.rlb.com...
942 ## - ADDED ENTRY ELEMENTS (KOHA)
Suppress in OPAC 0
Holdings
Withdrawn status Lost status Source of classification or shelving scheme Damaged status Not for loan Home library Current library Shelving location Date acquired Total Checkouts Full call number Barcode Date last seen Copy number Price effective from Koha item type
    Dewey Decimal Classification     Virtual Virtual Online 17/03/2008   ONLINE PUBLICATION 142869-2001 06/08/2019 1 06/08/2019 Book